MARC

LEADER 00000nam0a2200000 4500
001 366354
005 20250228111807.0
035 |a (RuTPU)RU\TPU\retro\23717 
035 |a RU\TPU\retro\23637 
090 |a 366354 
100 |a 20220205d1967 k y0rusy50 ca 
101 0 |a rus 
102 |a RU 
105 |a a z 001zy 
200 1 |a Физико-химические исследования солей и рассолов  |f Всесоюзный научно-исследовательский институт галургии (ВНИИГ) ; под ред. Е. Ф. Соловьевой , А. Д. Пельша 
210 |a Ленинград  |c Химия  |d 1967 
215 |a 192 с.  |c черт. 
225 1 |a Труды Всесоюзного научно-исследовательского института галургии (ВНИИГ)  |v Т. 52 
320 |a Библиогр. в конце ст. 
606 1 |a Водно-солевые системы  |2 stltpush  |3 (RuTPU)RU\TPU\subj\70581  |9 84800 
610 1 |a хлористый кальций 
610 1 |a вязкость 
610 1 |a плотность 
610 1 |a сложные растворы 
610 1 |a теплоемкость 
610 1 |a расчеты 
610 1 |a водно-солевые системы 
610 1 |a кинетика разложения 
610 1 |a исследования 
610 1 |a испарения воды 
610 1 |a кипящий слой 
610 1 |a эвапоро-тензиметрический метод 
610 1 |a конденсированные системы 
675 |a 546-38  |v 3 
702 1 |a Соловьева  |b Е. Ф.  |4 340 
702 1 |a Пельш  |b А. Д.  |4 340 
712 0 2 |a Всесоюзный научно-исследовательский институт галургии (ВНИИГ)  |3 (RuTPU)RU\TPU\col\12235 
801 1 |a RU  |b 63413507  |c 20141112 
801 2 |a RU  |b 63413507  |c 20220207  |g RCR 
942 |c BK